Państwa na literę C - Statystyki

Ogólne statystyki
  • Ten quiz został rozwiązany 84 razy
  • Średni wynik to 4 z 6
Statystyki odpowiedzi
Państwo % Poprawnych
Czechy
88%
Chiny
77%
Chorwacja
72%
Chile
67%
Cypr
67%
Czad
59%
Nie znaleziono quizów pasujących do podanych kryteriów
Rozkład punktacji
Procent ludzi z każdym wynikiem
Percentyl według liczby udzielonych odpowiedzi
Twoja historia wyników
Nie rozwiązałeś tego quizu